000
00316nam a2200109 a 4500
005
20140513081050.0
008
020606s19uu xx 00 eng d
050
_a
P 900
_b
ALP
245
_a
Our country's leaders, Poster 19 :
_b
Families care about each other, Poster 4.
650
_a
Presidents--Poster
999
_c
116305
_d
116305